Statistics for Religion General Knowledge #2

Click here to take the quiz!

General Stats

  • This quiz has been taken 32,315 times
  • The average score is 14 of 20

Answer Stats

Question Answer % Correct
Who is the most important prophet in Islam?Muhammad
95%
What is the first book in the Bible?Genesis
91%
What mountain was the home of the Greek gods?Mount Olympus
88%
Who was the Greek god of the underworld?Hades
84%
Who started the Protestant Reformation?Martin Luther
83%
What are members of the church of Latter-Day Saints better known as?Mormons
76%
What are the two main branches of Islam?Sunni
74%
What are the two main branches of Islam?Shia
73%
What is Hinduism's holiest river?Ganges
71%
What is the Jewish name for the first five books of the Bible?Torah
68%
What Jamaican religious tradition was practiced by Bob Marley?Rastafari
66%
Besides India, what other country is predominately Hindu?Nepal
62%
What is the name of the largest church in the Vatican?St. Peter's Basilica
62%
Who was the first supreme head of the Church of England?Henry VIII
61%
What group of people elects the new pope?College of {Cardinals}
61%
What was the Greek name of the Roman goddess Venus?Aphrodite
60%
What Norse god was the ruler of Asgard?Odin
57%
What modern witchcraft religion was invented by Gerald Gardner?Wicca
48%
In what ancient country did Zoroastrianism originate?Persia
48%
What religion is based on the teachings of Laozi?Daoism
43%

Score Distribution

Percentile by Number Answered

Percent of People with Each Score

Your Score History

You have not taken this quiz